00966nam a2200241 a 450000100060000000300080000600500170001400800410003103500190007204000260009104100080011708200260012510000300015124501660018126000420034730000270038965000520041665100640046870000410053294200120057399900170058595201220060262286BD-RjUL20211209081050.0170123s1968 n ||||| |||| 00| 0 eng d a(BD-RjUL)62412 aBD-RjULbengcBD-RjUL aeng 223a320.973bCAS 1968 aCalhoun, John C. 918526410aSpeeches of John C. Calhoun :bdelivered in the house of representatives, and in the senate of the United States /cJohn C. Calhoun ; edited by Richard K. Cralle aNew York : bRussell & Russell,c1968 aviii, 578 p. ;c23 cm. aPolitics and governmentzUnited States 9171893 aUnited States xPolitics and governmenty1809-1817.9185265 aCralle, Richard K., editor 9185266 2ddccBK c62286d62286 00102ddc40718NFICaRUCLbRUCLcReadingd1994-06-13l0o320.973 CAS 1968r2017-01-23 00:00:00tC-1w2017-01-23yBK